000 00801nam a2200253Ia 4500
003 OSt
005 20220930093926.0
006 a|||||r|||| 00| 0
007 ta
008 220926b |||||||| |||| 00| 0 eng d
024 _a63123
037 _cTheses
040 _aCRL
_cCRL
_beng
041 _2eng
_aeng
100 _aGahlyan Parveen Au.
_9553784
110 _aUniversity of Delhi. Faculty of Science. Department of chemistry
245 0 _aSynthesis, Biological and metal sensing studies of some N-Heterocyclic compounds
260 _c2018
300 _aix,214p.
_ap.
_ccm.
700 _a Rakesh Kumar Gu.
_9543807
700 _aUniversity of Delhi. Faculty of Science. Department of chemistry
942 _cDIS
_2CC
999 _c886243
_d886243